000 01575nam a2200373Ia 4500
001 ebr10433682
003 CaPaEBR
006 m u
007 cr cn|||||||||
008 100804s2010 vtu sb 001 0 eng d
010 _z 2010032903
020 _z9780754678731 (hardback : alk. paper)
020 _z0754678733 (hardback : alk. paper)
020 _z9780754697244 (ebook)
020 _z075469724X (ebook)
040 _aCaPaEBR
_cCaPaEBR
035 _a(OCoLC)698590035
050 1 4 _aKFN7977
_b.I57 2010eb
082 0 4 _a364.15/3209756563
_222
245 0 0 _aInstitutional failures
_h[electronic resource] :
_bDuke lacrosse, universities, the media, and the legal system /
_cedited by by Howard M. Wasserman.
260 _aBurlington, VT :
_bAshgate,
_cc2010.
300 _avi, 212 p.
504 _aIncludes bibliographical references and index.
533 _aElectronic reproduction.
_bPalo Alto, Calif. :
_cebrary,
_d2011.
_nAvailable via World Wide Web.
_nAccess may be limited to ebrary affiliated libraries.
610 2 0 _aDuke Blue Devils (Lacrosse team)
650 0 _aProsecutorial misconduct
_zNorth Carolina
_zDurham.
650 0 _aMalicious accusation
_zNorth Carolina
_zDurham.
650 0 _aRape
_xInvestigation
_zNorth Carolina
_zDurham.
650 0 _aMass media and criminal justice
_zUnited States.
655 7 _aElectronic books.
_2local
700 1 _aWasserman, Howard M.
710 2 _aebrary, Inc.
856 4 0 _uhttp://site.ebrary.com/lib/rucke/Doc?id=10433682
_zAn electronic book accessible through the World Wide Web; click to view
999 _c233989
_d233989